Olímpicas
Saved in:
| Hovedforfatter: | |
|---|---|
| Format: | Bog |
| Sprog: | spansk |
| Udgivet: |
Madrid
Instituto Antonio de Nebrija
1956
|
| Udgivelse: | 2a. ed |
| Serier: | Clásicos Emerita
|
| Fag: | |
| Tags: |
Tilføj Tag
Ingen Tags, Vær først til at tagge denne postø!
|
MARC
| LEADER | 00000nam a2200000 a 4500 | ||
|---|---|---|---|
| 001 | UCP3609 | ||
| 003 | CL-VaPUC | ||
| 008 | 990625e19560000SP |||||||||||||||||spa|d | ||
| 082 | 0 | 4 | |a 881 |b PIN |2 21 |
| 100 | 0 | |a Píndaro |e author |9 323045 | |
| 245 | 1 | 0 | |a Olímpicas |
| 250 | |a 2a. ed | ||
| 300 | |a 320 p | ||
| 942 | |c BK | ||
| 945 | |d 19990625 00:00:00 |a lriquelm | ||
| 260 | |a Madrid |b Instituto Antonio de Nebrija |c 1956 | ||
| 650 | 0 | |a Poesía griega |9 265627 | |
| 650 | 7 | |a LITERATURA GRIEGA |2 CL-VaPUC |9 258054 | |
| 583 | |a last modification |c 19990625 00:00:00 |k Rodrigo Vera | ||
| 490 | 0 | |a Clásicos Emerita | |
| 999 | |c 281874 |d 281872 | ||
| 952 | |0 0 |1 0 |4 0 |6 881_000000000000000_PIN_1956 |7 0 |8 A |9 322926 |a BIBHIS |b BIBHIS |d 2019-11-20 |i 1362631 |o 881 PIN 1956 |p 1362631 |r 2025-01-20 |w 2019-11-20 |y BK |k HIS | ||